| Tag |
First Indicator |
Second Indicator |
Subfields |
| LEADER |
00000cam a2200000 a 4500 |
| 001 |
in00000103423 |
| 005 |
20150929180406.0 |
| 008 |
811021s1980 ne abh 00010 dut d |
| 020 |
|
|
|a 9022202674
|
| 035 |
|
|
|a (OCoLC)07865128
|
| 035 |
|
|
|9 AAN2644AM
|
| 040 |
|
|
|a UUM
|c UUM
|d TXA
|d UtOrBLW
|
| 041 |
0 |
|
|a dut
|a eng
|b fre
|
| 043 |
|
|
|a n-mx---
|a s-pe---
|a n------
|
| 049 |
|
|
|a TXAM
|c [1655918]
|
| 090 |
|
|
|a NE654.B79
|b A5 1980
|
| 090 |
|
|
|a NE654 B79
|b B7
|
| 100 |
1 |
|
|a Bry, Theodor de,
|d 1528-1598.
|
| 245 |
1 |
0 |
|a Conquistadores, Azteken en Inca's =
|b Conquistadores, Aztecs and Incas /
|c gravures van Th. De Bry.
|
| 246 |
3 |
1 |
|a Conquistadores, Aztecs and Incas
|
| 264 |
|
1 |
|a Amsterdam :
|b Van Hoeve,
|c [1980]
|
| 264 |
|
4 |
|c ©1980
|
| 300 |
|
|
|a 96 unnumbered pages :
|b illustrations, maps, facsimiles ;
|c 35 cm.
|
| 336 |
|
|
|a text
|b txt
|2 rdacontent
|
| 337 |
|
|
|a unmediated
|b n
|2 rdamedia
|
| 338 |
|
|
|a volume
|b nc
|2 rdacarrier
|
| 500 |
|
|
|a "A facsims edition of 16th century engravings."
|
| 500 |
|
|
|a Text in Dutch and English; summary in French.
|
| 600 |
1 |
0 |
|a Bry, Theodor de,
|d 1528-1598.
|
| 650 |
|
0 |
|a America in art.
|
| 651 |
|
0 |
|a Mexico
|x History
|y Conquest, 1519-1540
|x Pictorial works.
|
| 651 |
|
0 |
|a Peru
|x History
|y Conquest, 1522-1548
|x Pictorial works.
|
| 740 |
0 |
|
|a Conquistadores, Aztecs and Incas.
|
| 999 |
|
|
|a MARS
|
| 999 |
f |
f |
|s 0f1c402b-eed4-31c2-bd22-2510314eadd4
|i 0880a737-8433-32f8-8f7f-a2c89e9e4ef9
|t 0
|
| 952 |
f |
f |
|p ric
|a Texas A&M University
|b Rellis Campus
|c Joint Library Facility
|d Remote Storage
|t 0
|e NE654 B79 B7
|f Oversize
|h Library of Congress classification
|i unmediated -- volume
|m A14806288043
|
| 998 |
f |
f |
|a NE654 B79 B7
|t 0
|l Remote Storage
|